000 01825cam a22004694i 4500
003 PE-LiUPU
005 20250731173227.0
008 150625s1910 miu rb 000 0 eng d
020 _a0802824188
035 _a(Sirsi) i9780802824189
040 _aPE-LiUPU
_bspa
_cPE-LiUPU
_erda
049 _aPRUA
082 0 4 _a225.07
_bNICNT
_221
100 1 _aBruce, F.F.,
_eautor.
245 1 4 _aThe Book of the Acts /
_cF.F. Bruce.
264 1 _aMichigan :
_bEerdmans,
_c1910.
300 _a541 páginas ;
_c22 centímetros.
336 _atext
_2rdacontent
337 _aunmediated
_2rdamedia
338 _avolume
_2rdacarrier
490 1 _aThe New International Commentary on the New Testament
504 _aNotas bibliográficas al pie de páginas.
505 0 _aText, exposition, and notes -- Persecution and expansion -- The acts of Peter and Beginnings of Gentile Christianity -- Church extension from antioch and apostolic decree at Jerusalem -- Paul leaves antioch and moves to the aegean world -- Paul Plans to visit rome and gets there by an unforeseen route -- Indexes.
526 _aSEG42
526 _aSEG41
526 _aSEG40
526 _aSEG39
526 _aP94
526 _aP87
526 _aP86
526 _aP85
526 _aP77
526 _aP76
526 _aP35
630 _aBiblia.
_pN.T.
_pHechos
_xComentarios.
942 _2ddc
_cBOOK
949 _a225.07 NICNT 5
_wDEWEY
_c1
_i37772
_lCCODEBUL1
_mBUL
_r0
_sY
_tBOOK
_u2015-6-25
_xTEOLOGIA
_zUNKNOWN
_0COMPRA
_o.STAFF. Colección Teología
994 _aC0
_bPEPRU
596 _a1
999 _a225.07 NICNT 5
_wDEWEY
_c42033
_i37772
_d42033
_f2021-11-11
_g5
_lCCODEBUL1
_mBUL
_p30.00
_q2
_r0
_sY
_tBOOK
_u2015-6-25
_xTEOLOGIA
_PP35
_0COMPRA
_o.STAFF. Colección Teología
980 _81
_gALBERTO SANCHEZ Responsable de Automatización